| 000 | 00995cad a22002295a 4500 | ||
|---|---|---|---|
| 001 | E148194 | ||
| 008 | 090818s2009 xxk 000 0 eng u | ||
| 035 | _a(Sirsi) u148194 | ||
| 041 | 0 | _aeng | |
| 050 | 0 | 4 | _a333.33 $2 18 |
| 110 | 2 |
_aCB Richard Ellis _93675 |
|
| 245 | 0 | 0 |
_aScottish offices, market view _bH1 2009 _h[electronic resource] |
| 260 |
_a[Scotland] _bCB Richard Ellis _c2009 |
||
| 490 | 0 |
_aScottish Offices Market View _vH1 2009 |
|
| 520 | _aLooks at the office market in Scotland, with detailed analysis of the markets in Edinburgh, Glasgow and Aberdeen. Graphs show take up, availability, transactions, prime rents and yields for the first half of 2009. | ||
| 590 | _aKA | ||
| 651 | 4 |
_aScotland _y1999- |
|
| 690 | _aPROPERTY-COMMERCIAL PROPERTY-OFFICE PROPERTY-OFFICE PROPERTY MARKET | ||
| 690 | _aPROPERTY-COMMERCIAL PROPERTY-COMMERCIAL PROPERTY MARKET | ||
| 856 | 4 | 0 |
_uhttps://www.cbre.co.uk _zView the report free of charge under research at www.cbre.co.uk... |
| 942 | _n0 | ||
| 999 |
_c109945 _d109945 |
||